| 000 | 00708nam a2200193 a 4500 | ||
|---|---|---|---|
| 003 | 0 | ||
| 005 | 20250328111853.0 | ||
| 008 | 071126s19uu xx 00 eng d | ||
| 050 |
_aPHS BF 724.5 _b.P39 2007 |
||
| 100 | _aPayumo, Antonio Anthony S. | ||
| 245 |
_aRelationship between age and health consciousness / _cAntonio Anthony S. Payumo. |
||
| 260 |
_aLas PiƱas City, Philippines : _bSouthville International School and Colleges, _c2007. |
||
| 300 |
_a27 pages : _billustrations ; _c28 cm. |
||
| 504 | _aIncludes bibliographical references. | ||
| 650 |
_aHealth behavior _xAge factors. |
||
| 650 |
_aHealth consciousness _xPsychological aspects. |
||
| 650 |
_aAging _xHealth aspects. |
||
| 942 |
_2lcc _cPASS |
||
| 999 |
_c97873 _d97873 |
||